01620nam a2200385 a 4500001001000000003000500010005001700015008004100032010001100073011001100084040000900095090001000104100002500114245015700139260004100296500006000337502008300397590004100480590004000521590004000561650003800601650004000639650003500679650002700714650002000741650003400761650005100795856007000846901000700916942001000923942000600933999001900939952014000958952013601098000111167CHAP20220329144201.0141210s2014 mx a fsm |||||||spa d a107629 a108601 cCHAP aTesis1 aSamah, Samir912898810aNew approaches for Opuntia sp. characterization and taxonomy:h[En línea]bseed morphometric descriptors, proteins and DNA markers /cpor Samir Samah. aChapingo, Méx. :bEl autor,c2014. aPara ver el contenido del material haga clic en la liga aTesis (Ph. D. en Ciencias en Horticultura) -- UACH. Departamento de Fitotecnia aE11695DGDb10c20141215lUCH01h0959 aE6096MTMb05c20141210lUCH01h1155 aE6096MTMb05c20141210lUCH01h115614aAcido desoxirribonucléico.958014aBiologíaxClasificación.91277814aMarcadores genéticos.97124914aNopalxSemilla.98169714aOpuntia.98338714aProteínas vegetales.99246014aSemillasxFisiología y morfología.9103902 aFinding aiduhttp://10.13.5.2/tesis/sist111167.pdfzTeclea aquí aBK cTESIS n0 c107629d107629 00102local4053708TESISaBCbBCcPA_TESISd2014-12-10fTESISl0oTesisp33724002439298r2019-12-31 00:00:00tc.2w2019-12-31yTESIS 00104054718TESISaBCbBCd2014-12-10fTESISl0oTesisp33724002439330r2019-12-31 00:00:00w2019-12-31yTESISzRecien adquirido